|
|
|
|
| LEADER |
00975cam a22002411 4500 |
| 001 |
336497 |
| 003 |
GR-PaULI |
| 005 |
20240806132408.0 |
| 008 |
780118s1970 fr f 000 0 fre |
| 010 |
|
|
|a 75510798
|
| 040 |
|
|
|a DLC
|c DLC
|d DLC
|b gre
|e AACR2
|
| 082 |
0 |
4 |
|2 23
|a 701
|
| 100 |
1 |
|
|a Schöffer, Nicolas,
|d 1912-1992,
|9 204905
|e συγγραφέας.
|
| 245 |
1 |
3 |
|a Le nouvel esprit artistique /
|c Nicolas Schoffer ; préf. de Philippe Sers.
|
| 260 |
|
|
|a [Paris] :
|b Denoël/Gonthier,
|c [1970].
|
| 300 |
|
|
|a 192 σ. :
|b εικ. ;
|c 18 εκ.
|
| 490 |
1 |
|
|a Bibliothèque Médiations ;
|v 72
|
| 650 |
|
4 |
|a Τέχνη
|x Φιλοσοφία.
|9 3628
|
| 700 |
1 |
|
|9 204906
|a Sers, Philippe
|e συγγραφέας προλόγου.
|
| 830 |
|
0 |
|a Bibliotheque Mediations
|9 173226
|
| 942 |
|
|
|2 ddc
|c BK
|
| 952 |
|
|
|0 0
|1 0
|2 ddc
|4 0
|6 701_000000000000000_SCH
|7 0
|9 382095
|a LISP
|b LISP
|c DON
|d 2024-07-17
|e ΜΑΡ
|i 367084
|l 0
|o 701 SCH
|p 025000312825
|r 2024-07-17 00:00:00
|t 1
|w 2024-07-17
|y BKN
|
| 999 |
|
|
|c 221970
|d 221970
|